000
00213nam a22000977a 4500
999
_c
16067
_d
16067
003
OSt
008
191029b ||||| |||| 00| 0 eng d
100
_a
Damodharan,K.
_9
4519
245
_a
Kerala Charithram
942
_c
BK